000 00599nam a2200181 4500
003 CO-ViMGA
020 _a9786070504488
040 _aCO-ViMGA
_bspa
_cCO-ViMGA
082 0 4 _a658.401
_bE81s.
100 1 _aEscalante Vázquez, Edgardo Jorge.
_94603
245 1 0 _aSeis - Sigma /
_bMetodología y técnicas,
_cEdgardo Jorge Escalante Vázquez.
250 _a2a. ed.
260 _aMéxico :
_bLimusa,
_c2015.
300 _a606 p. :
_bIl diagramas, cuadros, dibujos. ; 23 cm.
500 _aDedicatoria a Lety, Edy, Any y Ale. Agradecimientos.
650 1 4 _aIngeniería Industrial.
_94442
942 _2ddc
_cBK
999 _c35784
_d35784